00387pab a2200133 454500008004000000100002200040245005900062260000900121300001500130362001200145650002500157650002700182773004400209180718b1962 xxu||||| |||| 00| 0 eng d aPrasad, Parmanand aThe expansion of the Bokaro Thermal Plant (Case Study) c1962 ap.348-372. aJul-Sep aBokaro Thermal Plant aThermal power stations aIndian Journal of Public Administration